000 00795cam a22002414a 4500
001 12419968
005 20180307074136.0
008 010524s2002 nyu b 001 0 eng
010 _a 2001026739
020 _a0716738546 (pbk.)
040 _aDLC
_cDLC
_dDLC
041 _aeng
042 _apcc
080 _a616.8909 GOR
082 0 0 _a616.8909 GOR
_221
100 1 _a49
101 _aPSI
245 1 0 _aCase studies in abnormal psychology /
_cEthan E. Gorenstein, Ronald J. Comer.
504 _aIncludes bibliographical references (p. [302]-320) and index.
906 _a7
_bcbc
_corignew
_d1
_eocip
_f19
_gy-gencatlg
942 _2ddc
_cBK
999 _c44310
_d44310